[Event "AUTO-INT-2956"]
[Site "http://www.queenalice.com/game.php?id=1376735"]
[Date "2015.8.10"]
[Round "2"]
[White "Zucoli"]
[Black "ACamargo"]
[Result "1-0"]
[WhiteElo "1897"]
[BlackElo "1983"]

1. d4 Nc6 2. c4 d6 3. Nc3 Nf6 4. Nf3 Bg4 5. Qa4 Qd7 6. e3 Bxf3 7. gxf3 e6 8. Bh3
Be7 9. Nd5 O-O 10. Nxf6+ Bxf6 11. d5 Ne5 12. Qxd7 Nxd7 13. dxe6 Ne5 14. exf7+
Kxf7 15. f4 Nxc4 16. Rb1 Rfe8 17. b3 Nb6 18. Ba3 Rad8 19. Bg2 Bc3+ 20. Ke2 c6
21. Rhd1 d5 22. Rbc1 Bf6 23. Kf3 Nc8 24. Bc5 b6 25. Bb4 c5 26. Bc3 Ne7 27. Bxf6
Kxf6 28. Kg4 h5+ 29. Kg3 Kf5 30. Bh3+ Kf6 31. Rd2 g6 32. Rcd1 a5 33. e4 d4 34.
Rg1 Kg7 35. Kf3 Kh6 36. Rg5 Nc6 37. Rd1 d3 38. Rd5 Nd4+ 39. Kg2 Rxd5 40. exd5
Rd8 41. Rxd3 Rxd5 42. f5 gxf5 43. Kf1 f4 44. Bg2 Re5 45. Rh3 Kg5 46. Bf3 Nxf3
47. Rxf3 Re4 48. Rd3 Re6 49. Kg2 1-0

[Event "AUTO-INT-2956"]
[Site "http://www.queenalice.com/game.php?id=1376738"]
[Date "2015.8.10"]
[Round "2"]
[White "Thanasis"]
[Black "Zucoli"]
[Result "0-1"]
[WhiteElo "1746"]
[BlackElo "1934"]

1. d4 Nf6 2. c4 g6 3. Nc3 Bg7 4. Nf3 O-O 5. e4 d6 6. Be3 Nbd7 7. Bd3 c5 8. O-O
cxd4 9. Bxd4 Nc5 10. e5 Nfd7 11. Re1 Nxd3 12. Qxd3 Nc5 13. Qc2 Bf5 14. Qd2 Qc7
15. exd6 Qxd6 16. Nb5 Qc6 17. Rxe7 Rfd8 18. Ne5 Bxe5 19. Rxe5 Nd3 20. Rxf5 gxf5
21. Qxd3 a6 22. Nc3 Rd6 23. Ne2 Rad8 24. Rd1 f4 25. f3 Qd7 26. Qc3 Qe7 27. Nxf4
Rxd4 28. Rxd4 Rxd4 29. Nd5 Qc5 30. Ne3 Rd6 31. Kf1 Re6 32. Kf2 Qe5 33. Qxe5 Rxe5
34. b3 Kg7 35. b4 Kg6 36. a4 f5 37. Nd5 Re8 38. Nf4+ Kg5 39. g3 Re7 40. h4+ Kh6
41. Nd5 Rd7 42. Ke3 b5 43. Nf6 Rd6 44. Nd5 bxc4 45. Nc3 Rd3+ 46. Kf4 Rxc3 47.
Kxf5 Rxf3+ 48. Kg4 Rb3 0-1

[Event "AUTO-INT-2956"]
[Site "http://www.queenalice.com/game.php?id=1376739"]
[Date "2015.8.10"]
[Round "2"]
[White "Zucoli"]
[Black "Thanasis"]
[Result "1-0"]
[WhiteElo "1914"]
[BlackElo "1925"]

1. d4 d5 2. c4 e6 3. Nc3 Nf6 4. cxd5 exd5 5. Nf3 Nc6 6. e3 Bb4 7. Bb5 Bd7 8. Qa4
Bd6 9. O-O a6 10. Bxc6 Bxc6 11. Qc2 O-O 12. Re1 Ng4 13. h3 Nf6 14. Bd2 b5 15.
Ne2 Ne4 16. Qxc6 Be7 17. Rac1 Rc8 18. a3 Nd6 19. Qc2 Nc4 20. Ne5 Qd6 21. Nxc4
dxc4 22. Ng3 g6 23. Ne4 Qd7 24. Bb4 Bxb4 25. Nf6+ 1-0

[Event "AUTO-INT-2956"]
[Site "http://www.queenalice.com/game.php?id=1376740"]
[Date "2015.8.10"]
[Round "2"]
[White "jesus_vieira"]
[Black "Zucoli"]
[Result "1-0"]
[WhiteElo "1764"]
[BlackElo "1916"]

1. d4 Nf6 2. Nf3 g6 3. Bf4 Bg7 4. h3 O-O 5. e3 d6 6. Bc4 c5 7. dxc5 Qa5+ 8. Nbd2
Qxc5 9. O-O Bf5 10. Nh4 Bd7 11. Bb3 g5 12. Bxg5 Qxg5 13. Ndf3 Qa5 14. c3 Nc6 15.
Bc2 Ne5 16. Nxe5 Qxe5 17. Qf3 Bc6 18. Qf4 Qxf4 19. exf4 Ne4 20. Nf5 Bf6 21. Rad1
Kh8 22. Nd4 Bxd4 23. Rxd4 Nf6 24. Re1 Rg8 25. g3 Rae8 26. b4 Nh5 27. Kh2 f6 28.
a4 Rg7 29. b5 Bd7 30. Bd1 Nxg3 31. fxg3 Rc8 32. c4 Be8 33. Bf3 b6 34. Bd5 Rc5
35. Rde4 Rc7 36. f5 Bf7 37. Rxe7 Bxd5 38. Rxc7 Rxc7 39. cxd5 Rc2+ 40. Kg1 Rd2
41. Re7 Rxd5 42. Rxa7 Rd4 43. Ra6 Kg7 44. Rxb6 Rd1+ 45. Kf2 d5 46. a5 d4 47. a6
Ra1 48. Rd6 d3 49. Rxd3 1-0

[Event "AUTO-INT-2956"]
[Site "http://www.queenalice.com/game.php?id=1376741"]
[Date "2015.8.10"]
[Round "2"]
[White "Zucoli"]
[Black "jesus_vieira"]
[Result "1-0"]
[WhiteElo "1888"]
[BlackElo "1719"]

1. d4 d5 2. c4 Bf5 3. cxd5 Qxd5 4. Nc3 Qd8 5. e4 Bg6 6. Nf3 Nf6 7. Bd3 e6 8. Bg5
h6 9. Bh4 Bb4 10. e5 Bxd3 11. exf6 g5 12. Qxd3 gxh4 13. O-O Qxf6 14. Rfe1 c6 15.
d5 Bxc3 16. bxc3 cxd5 17. Qxd5 Nd7 18. Rad1 Rd8 19. Qxb7 Qxc3 20. Re3 Qc2 21.
Red3 Qa4 22. Rd4 Qxa2 23. Rxd7 Rxd7 24. Qxd7+ Kf8 25. Ne5 Rh7 26. Ng6+ Kg8 27.
Nxh4 Rg7 28. g3 a5 29. Rd4 Qa1+ 30. Kg2 Kh7 31. Ra4 Qc3 32. Qb5 Rg5 33. Qd7 Kg7
34. Qd4+ Qxd4 35. Rxd4 Rd5 36. Nf3 Rxd4 37. Nxd4 Kf6 38. Kf3 Ke5 39. Nc6+ Kd5
40. Nxa5 f5 41. Nb3 e5 42. Nd2 e4+ 43. Kf4 Ke6 44. Nc4 Kf6 45. Ne3 1-0

[Event "Challenge"]
[Site "http://www.queenalice.com/game.php?id=1390966"]
[Date "2015.10.27"]
[Round "-"]
[White "Zucoli"]
[Black "Omar"]
[Result "1-0"]
[WhiteElo "1932"]
[BlackElo "1758"]

1. d4 d5 2. c4 dxc4 3. Nc3 a6 4. a4 e6 5. e3 Nf6 6. Bxc4 Bb4 7. Bd2 h6 8. Nf3
Nc6 9. O-O O-O 10. Qc2 Qd6 11. Rac1 e5 12. Qb3 e4 13. Ne5 Bxc3 14. Bxc3 Be6 15.
Bxe6 Qxe6 16. Qxb7 Nxe5 17. dxe5 Nd5 18. Qb3 Rab8 19. Qc2 Nxc3 20. Qxc3 Rbc8 21.
Rc2 Rfe8 22. Rfc1 c5 23. h3 c4 24. Qd4 Qxe5 25. Rxc4 Rxc4 26. Rxc4 f5 27. Qxe5
Rxe5 28. b4 Re6 29. Rc5 g6 30. b5 Kf7 31. Rc7+ Kf6 32. Ra7 axb5 33. axb5 Rb6 34.
Ra6 Rxa6 35. bxa6 h5 36. a7 g5 37. a8=Q g4 38. hxg4 hxg4 39. Qd5 Kg5 40. Qf7 g3
41. Qg7+ Kh4 42. Qxg3+ Kh5 43. Qf4 Kg6 44. g4 fxg4 45. Qxg4+ Kf6 46. Qxe4 Kf7
47. Qc6 Ke7 48. Kg2 Kf7 49. Qd6 Kg7 50. Qe6 Kh7 51. Kg3 Kg7 52. Kg4 Kf8 53. Kg5
Kg7 54. Qe7+ Kg8 55. Kg6 Kh8 56. Qf8# 1-0

[Event "Challenge"]
[Site "http://www.queenalice.com/game.php?id=1406046"]
[Date "2016.1.24"]
[Round "-"]
[White "Zucoli"]
[Black "Omar"]
[Result "1-0"]
[WhiteElo "1947"]
[BlackElo "1793"]

1. d4 d5 2. c4 dxc4 3. Nc3 a6 4. a4 e6 5. e3 Nf6 6. Bxc4 Bb4 7. Nf3 Ne4 8. Qc2
Nxc3 9. bxc3 Bd6 10. O-O h6 11. e4 Be7 12. Be3 Bf6 13. Rfd1 O-O 14. Bd3 Kh8 15.
e5 Be7 16. Qd2 g5 17. h3 Rg8 18. Nh2 Nc6 19. Ng4 Kg7 20. Rab1 Na5 21. c4 Nc6 22.
f4 Nxd4 23. Nf6 Bxf6 24. exf6+ Kxf6 25. fxg5+ hxg5 26. Bh7 Nf3+ 27. gxf3 Qxd2
28. Bxd2 Rh8 29. Be4 Rxh3 30. Bc3+ Ke7 31. Bxb7 Bxb7 32. Rxb7 Rc8 33. Kg2 g4 34.
Bb4+ Ke8 35. fxg4 Rb3 36. a5 c5 37. Rh1 Rb2+ 38. Kg3 Rb3+ 39. Kf2 Rb2+ 40. Ke3
Rb3+ 41. Kd2 Rd8+ 42. Kc2 Rd7 43. Rh8+ Ke7 44. Bxc5+ Kf6 45. Rxb3 Rc7 46. Rh5 e5
47. Rb6+ Kg7 48. Rxe5 f6 49. Re7+ Rxe7 50. Bxe7 Kf7 51. Bxf6 Kg6 52. g5 Kf5 53.
Kd3 Kg6 54. Ke4 Kf7 55. Kf5 Kg8 56. Rb7 Kf8 57. Ke6 Kg8 58. g6 Kf8 59. Rb8# 1-0

[Event "Challenge"]
[Site "http://www.queenalice.com/game.php?id=1417805"]
[Date "2016.4.11"]
[Round "-"]
[White "Zucoli"]
[Black "Omar"]
[Result "0-1"]
[WhiteElo "1957"]
[BlackElo "1772"]

1. d4 d5 2. c4 dxc4 3. Nc3 a6 4. a4 h6 5. e4 Nc6 6. Bxc4 Qxd4 7. Qb3 Ne5 8. Be2
e6 9. Be3 Qb4 10. Qc2 Nc4 11. Bxc4 Qxc4 12. Nge2 b6 13. Rd1 Bb7 14. Rd4 Qc6 15.
O-O Nf6 16. Rfd1 Be7 17. Nf4 e5 0-1

[Event "Challenge"]
[Site "http://www.queenalice.com/game.php?id=1422683"]
[Date "2016.5.12"]
[Round "-"]
[White "Zucoli"]
[Black "Omar"]
[Result "0-1"]
[WhiteElo "1942"]
[BlackElo "1840"]

1. d4 d5 2. c4 dxc4 3. Nc3 e6 4. Nf3 Nc6 5. e3 h6 6. Bxc4 a6 7. O-O Nf6 8. Bd2
Be7 9. Bd3 Nh7 10. Qc2 Ng5 11. Ne1 Nb4 12. Qb1 Nxd3 13. Nxd3 O-O 14. f4 Nh7 15.
Qc2 b6 16. Rac1 Bb7 17. Nf2 Nf6 18. Nce4 Qd5 19. Qxc7 Nxe4 20. Nxe4 Qxe4 21. Rf3
Bh4 22. Qxb6 Qd3 23. Qxb7 Qxd2 24. Rcf1 Rab8 0-1

[Event "Challenge"]
[Site "http://www.queenalice.com/game.php?id=1422781"]
[Date "2016.5.13"]
[Round "-"]
[White "AlekinePb"]
[Black "Zucoli"]
[Result "1-0"]
[WhiteElo "1973"]
[BlackElo "1907"]

1. d4 Nf6 2. Nf3 g6 3. c4 Bg7 4. Nc3 O-O 5. Bg5 d6 6. e3 Nbd7 7. Bd3 c5 8. O-O
cxd4 9. exd4 Re8 10. Re1 Qc7 11. Nb5 Qb8 12. b4 a6 13. Nc3 e5 14. dxe5 dxe5 15.
Ne4 Nxe4 16. Bxe4 h6 17. Bd2 Nf8 18. Bc3 Bg4 19. Qd5 Bxf3 20. Bxf3 e4 21. Bxg7
exf3 22. Bxf8 Rxe1+ 23. Rxe1 Kxf8 24. Qxf3 Qc7 25. c5 Rd8 26. h3 b6 27. Rc1 bxc5
28. bxc5 Rb8 29. c6 Rb5 30. Qf6 Rf5 31. Qh8+ Ke7 32. Re1+ Kd6 33. Qf8+ Kd5 34.
Rd1+ Kc4 35. Qa3 Ra5 36. Qb3+ Kc5 37. Rc1+ Kd6 38. Qb4+ Ke6 39. Re1+ Re5 40.
Rxe5+ Qxe5 41. Qc4+ Ke7 42. c7 Qe1+ 43. Kh2 1-0

[Event "Challenge"]
[Site "http://www.queenalice.com/game.php?id=1422782"]
[Date "2016.5.13"]
[Round "-"]
[White "Zucoli"]
[Black "AlekinePb"]
[Result "0-1"]
[WhiteElo "1922"]
[BlackElo "1958"]

1. d4 Nf6 2. c4 e6 3. Nc3 d5 4. Nf3 a6 5. e3 Bb4 6. a3 Bxc3+ 7. bxc3 dxc4 8.
Bxc4 O-O 9. O-O b5 10. Bd3 Bb7 11. Re1 Nbd7 12. Qc2 c5 13. e4 cxd4 14. cxd4 Rc8
15. Qb1 Nb6 16. e5 Bxf3 17. gxf3 Nh5 18. Bxh7+ Kh8 19. Kh1 Qxd4 20. Be3 Qd8 21.
Rg1 f5 22. Bg6 Qh4 23. Bxh5 Qxh5 24. Bxb6 Qxf3+ 25. Rg2 Rc4 26. Qd1 Qb7 27. Qh5+
Kg8 28. Be3 Rg4 29. Rg1 Qe4 30. Bg5 Rc8 31. h3 Rxg2 32. Rxg2 Qe1+ 33. Kh2 Qxe5+
34. f4 Qe3 35. Bh6 Rc7 36. Qg6 Rf7 37. Bxg7 Qxf4+ 38. Kg1 Qc1+ 39. Kh2 Qf4+ 40.
Kh1 Qf1+ 41. Rg1 Qxh3# 0-1

[Event "AUTO-ADV-3664"]
[Site "http://www.queenalice.com/game.php?id=1429123"]
[Date "2016.6.25"]
[Round "1"]
[White "Tonto"]
[Black "Zucoli"]
[Result "1-0"]
[WhiteElo "1878"]
[BlackElo "1894"]

1. e4 d6 2. d4 Nf6 3. Nc3 g6 4. h3 Bg7 5. Nf3 O-O 6. Bf4 Nbd7 7. Bc4 c5 8. e5
dxe5 9. dxe5 Ne8 10. Ne4 b6 11. Bd5 Rb8 12. e6 fxe6 13. Bxe6+ Kh8 14. Bxb8 Nxb8
15. Qxd8 1-0

[Event "AUTO-ADV-3664"]
[Site "http://www.queenalice.com/game.php?id=1429124"]
[Date "2016.6.25"]
[Round "1"]
[White "Zucoli"]
[Black "Tonto"]
[Result "1-0"]
[WhiteElo "1858"]
[BlackElo "1862"]

1. d4 d5 2. c4 h6 3. cxd5 Qxd5 4. Nc3 Qd6 5. Nf3 Nc6 6. e3 Nf6 7. Bb5 Bd7 8. e4
a6 9. Ba4 b5 10. e5 Qe6 11. Bb3 Qf5 12. exf6 exf6 13. O-O Be7 14. Re1 O-O 15.
Bd5 b4 16. Bxc6 Bxc6 17. Rxe7 bxc3 18. bxc3 Bd5 19. Rxc7 Qe6 20. Rc5 Rfe8 21.
Bd2 f5 22. h3 f6 23. Nh4 g5 24. Nf3 Bc4 25. Qa4 Be2 26. Qc6 Bxf3 27. Qxf3 Rab8
28. Qd5 f4 29. Qxe6+ Rxe6 30. Rc7 Rb2 31. Re1 Rxe1+ 32. Bxe1 Rxa2 33. c4 Ra1 34.
Kf1 h5 35. d5 Kf8 36. c5 Rd1 37. d6 Ke8 38. Ke2 Rd5 39. Bc3 f5 40. Bf6 g4 41.
Re7+ Kf8 42. hxg4 fxg4 43. d7 1-0

[Event "AUTO-ADV-3664"]
[Site "http://www.queenalice.com/game.php?id=1429137"]
[Date "2016.6.25"]
[Round "1"]
[White "dbwright308"]
[Black "Zucoli"]
[Result "0-1"]
[WhiteElo "1878"]
[BlackElo "1874"]

1. e4 d6 2. d4 Nf6 3. Nc3 g6 4. d5 Bg7 5. Qd4 O-O 6. Bf4 e6 7. Qd2 Re8 8. O-O-O
exd5 9. exd5 Bf5 10. Bb5 c6 11. dxc6 bxc6 12. Ba4 Ne4 13. Nxe4 Rxe4 14. Bxc6
Nxc6 15. Qxd6 Qb6 16. b3 Rd8 17. Qc7 Bb2+ 18. Kxb2 Rxd1 19. Qxb6 axb6 20. Be3
Nd4 21. h3 Ne2 22. g4 Bc8 23. Nxe2 Rxh1 24. Ng3 Rxe3 25. fxe3 Rxh3 26. Nf1 Bxg4
27. a4 Rf3 28. Nh2 Rg3 29. Nxg4 Rxg4 30. c4 Re4 31. Ka3 Rxe3 32. Kb4 f5 33. c5
bxc5+ 34. Kc4 f4 35. a5 f3 36. a6 f2 37. Kxc5 f1=Q 38. a7 Qa6 39. b4 Qxa7+ 0-1

[Event "AUTO-ADV-3664"]
[Site "http://www.queenalice.com/game.php?id=1429138"]
[Date "2016.6.25"]
[Round "1"]
[White "Zucoli"]
[Black "dbwright308"]
[Result "0-1"]
[WhiteElo "1877"]
[BlackElo "1795"]

1. d4 d5 2. c4 c6 3. Nc3 e6 4. e3 Bb4 5. a3 Bxc3+ 6. bxc3 Qa5 7. Bd2 Nf6 8. cxd5
cxd5 9. Nf3 Ne4 10. Qc2 Na6 11. Bd3 Nxd2 12. Qxd2 Bd7 13. O-O Bb5 14. Rab1 Bxd3
15. Qxd3 O-O-O 16. Rb3 Rd6 17. Rfb1 Rb6 18. Ne5 Rxb3 19. Rxb3 Kc7 20. Nxf7 Rf8
21. Ne5 Rh8 22. Qb1 b6 23. Qc2 g6 24. c4 Qe1# 0-1

[Event "AUTO-ADV-3664"]
[Site "http://www.queenalice.com/game.php?id=1429147"]
[Date "2016.6.25"]
[Round "1"]
[White "Zucoli"]
[Black "o3bor52"]
[Result "1/2-1/2"]
[WhiteElo "1924"]
[BlackElo "1827"]

1. d4 e6 2. c4 c5 3. d5 exd5 4. cxd5 d6 5. Nc3 g6 6. e4 Bg7 7. Be3 Nd7 8. Qd2 a6
9. Nf3 Ngf6 10. Bd3 O-O 11. Bh6 Re8 12. Bxg7 Kxg7 13. O-O b5 14. Rfe1 Ne5 15.
Nxe5 dxe5 16. Rac1 c4 17. Bc2 Qd6 18. Ne2 Rd8 19. f4 Nd7 20. fxe5 Nxe5 21. Qf4
f6 22. Nd4 Bd7 23. Rf1 Qb6 24. Qf2 Kf7 25. b3 Rac8 26. Nc6 Qxf2+ 27. Rxf2 Bxc6
28. dxc6 Rxc6 29. bxc4 bxc4 30. Rcf1 Ng4 31. Ba4 Re6 32. Rf4 Ne3 33. Re1 Rd3 34.
Kf2 Ra3 35. Bd7 Re7 36. Rxe3 Rxa2+ 37. Kf3 Rxd7 38. e5 Rd3 39. Rxf6+ Ke7 40.
Rxd3 cxd3 41. Rd6 Re2 42. Rxd3 Rxe5 43. Ra3 Re6 44. g4 h6 45. h4 Kf6 46. Kf4 g5+
47. hxg5+ hxg5+ 48. Kg3 Kg6 49. Ra5 Rf6 50. Kg2 Kh6 51. Kg3 Kg6 52. Kg2 Kh6 53.
Kg3 1/2-1/2

[Event "AUTO-ADV-3664"]
[Site "http://www.queenalice.com/game.php?id=1429148"]
[Date "2016.6.25"]
[Round "1"]
[White "o3bor52"]
[Black "Zucoli"]
[Result "0-1"]
[WhiteElo "1848"]
[BlackElo "1911"]

1. e4 d6 2. Nc3 Nf6 3. f4 g6 4. Nf3 Bg7 5. d4 O-O 6. Be3 b6 7. Bd3 Ba6 8. Qd2
Re8 9. O-O-O Bxd3 10. Qxd3 Nc6 11. a3 e5 12. h3 exd4 13. Nxd4 Nxd4 14. Bxd4 c5
15. Be3 Bf8 16. g4 Qc7 17. Nb5 Qc6 18. Nxd6 Bxd6 19. e5 Bxe5 20. fxe5 Rxe5 21.
c4 Rae8 22. Bd2 Ne4 23. Rhf1 Nxd2 24. Qxd2 Re2 25. Qf4 R8e7 26. Qg3 Qa4 27. Qc3
R7e4 28. Rd8+ Re8 29. Rxe8+ Qxe8 30. Kb1 Re3 31. Qc1 Rxh3 32. Rh1 Qe4+ 33. Ka1
Rxh1 34. Qxh1 Qxh1+ 35. Ka2 Qe4 36. b3 Qc2+ 37. Ka1 f5 38. gxf5 gxf5 0-1

[Event "Challenge"]
[Site "http://www.queenalice.com/game.php?id=1435471"]
[Date "2016.8.9"]
[Round "-"]
[White "josebaron"]
[Black "Zucoli"]
[Result "0-1"]
[WhiteElo "2021"]
[BlackElo "1890"]

1. e4 d6 2. Bc4 Nf6 3. d3 g6 4. Nf3 Bg7 5. Ng5 e6 6. O-O O-O 7. h3 Nc6 8. Nc3
Ne5 9. Bb3 c5 10. Nf3 Nc6 11. a4 Bd7 12. Nb5 d5 13. exd5 exd5 14. Nc3 Nb4 15.
Bd2 a5 16. Nb5 Qb6 17. Bxb4 axb4 18. c3 Bxb5 19. axb5 Rxa1 20. Qxa1 Qxb5 21. c4
dxc4 22. Bxc4 Qd7 23. Qa5 Qd6 24. Re1 b6 25. Qa7 Nd7 26. b3 Bc3 27. Re2 Qc6 28.
Re7 b5 29. Bxb5 Qxb5 30. Qxd7 Qxd7 31. Rxd7 Ra8 32. Rd5 Ra1+ 33. Kh2 Rd1 34.
Rxc5 Rxd3 35. Rc4 f6 36. h4 Kf7 37. Kg3 Be5+ 38. Kg4 h5+ 39. Kh3 Rxb3 40. g3
Rxf3 41. Kg2 Rb3 42. f4 Bd6 43. Rc6 Ke7 44. Rb6 Rb1 45. Rb7+ Ke6 46. Rb6 b3 47.
Kf3 b2 48. Kg2 Kd5 49. Rb5+ Kc4 50. Rb6 Rg1+ 51. Kh3 b1=Q 52. Rxb1 Rxb1 0-1

[Event "Challenge"]
[Site "http://www.queenalice.com/game.php?id=1441806"]
[Date "2016.9.18"]
[Round "-"]
[White "Zucoli"]
[Black "jorm"]
[Result "1-0"]
[WhiteElo "1920"]
[BlackElo "1934"]

1. d4 e6 2. c4 d6 3. Nc3 h6 4. Nf3 a6 5. e4 Bd7 6. Be2 Ne7 7. O-O Ng6 8. Be3 e5
9. d5 Nf4 10. Qd2 g5 11. g3 Nxe2+ 12. Nxe2 Bh3 13. Rfd1 g4 14. Ne1 Qf6 15. Ng2
Qf3 16. Nh4 Qxe4 17. b3 Be7 18. Nc3 Qh7 19. Ng2 Qg7 20. Qe2 f5 21. f4 e4 22. Bd4
Bf6 23. Qd2 b6 24. Ne3 Qd7 25. Bxf6 Rh7 26. Ne2 c5 27. dxc6 Nxc6 28. Qxd6 Qxd6
29. Rxd6 Rc8 30. Nxf5 h5 31. Rad1 Rhc7 32. Ned4 Nb4 33. Ne6 Rb7 34. Bh4 Nd3 35.
R6xd3 exd3 36. Nd6+ Kd7 37. Nxc8 Kxe6 38. Rxd3 Rb8 39. Ne7 Rb7 40. f5+ Ke5 41.
f6 Ke6 42. Rd5 b5 43. Rc5 Rd7 44. Nd5 bxc4 45. bxc4 Rb7 46. Rc6+ Ke5 47. Rb6 Ra7
48. Nb4 Rd7 49. Nc6+ Ke4 50. Rb1 Rd2 51. f7 Rg2+ 52. Kh1 Rf2 53. Nd8 Ke3 54.
Bg5+ Ke4 55. Re1+ Kd3 56. c5 Rf5 57. Bh6 1-0

[Event "Let's Play Chess!"]
[Site "http://www.queenalice.com/game.php?id=1455119"]
[Date "2016.12.16"]
[Round "-"]
[White "Zucoli"]
[Black "igorjava"]
[Result "1-0"]
[WhiteElo "1937"]
[BlackElo "2047"]

1. d4 e6 2. c4 c6 3. Nc3 d5 4. e3 a6 5. Nf3 Nf6 6. Bd3 b5 7. c5 Be7 8. O-O O-O
9. Qc2 h6 10. b4 a5 11. a3 axb4 12. Ne2 Qa5 13. Bb2 Qc7 14. axb4 Qb7 15. Rxa8
Qxa8 16. Ra1 Qb7 17. h3 Na6 18. Qb3 Bd7 19. Ne5 Ra8 20. Ng3 Bc8 21. f4 Nd7 22.
Rf1 f6 23. Ng6 Nf8 24. Nxe7+ Qxe7 25. f5 Nh7 26. fxe6 Qxe6 27. Nf5 Ng5 28. Bc1
Ne4 29. Rf4 Kh7 30. Nd6 Kg8 31. Nxc8 Rxc8 32. Rxe4 Qf7 33. Rf4 Nc7 34. Qd1 Ra8
35. Bd2 Ne6 36. Rf5 g5 37. Qf1 Kg7 38. Rf2 Nf8 39. e4 dxe4 40. Bxe4 Rc8 41. Bf5
Rd8 42. Bc3 Rd5 43. Be4 Rd8 44. Bxc6 Nh7 45. d5 Rf8 46. Bxb5 Qxd5 47. Bc4 Qd8
48. c6 Qd6 49. b5 Qc5 50. Kh1 h5 51. Rb2 Qb6 52. Qf5 Ra8 53. Qd7+ Kh6 54. Bd4
Qb8 55. c7 1-0